Les clubs qui comptent le plus de saisons en Ligue 1 - Statistiques

Statistiques générales
  • Ce quiz a été pris 350 fois
  • Le résultat moyen est 18 sur 21
Statistiques - réponses
Club Nombre de saisons % Correct
Paris-Saint-Germain 48
100%
Olympique de Marseille 71
99%
Olympique Lyonnais 63
98%
Girondins de Bordeaux 68
97%
Lille OSC 61
97%
AS Saint-Etienne 68
96%
FC Nantes 53
95%
Stade Rennais 64
95%
OGC Nice 62
94%
AS Monaco 62
93%
RC Lens 59
93%
RC Strasbourg 60
90%
Toulouse FC 32
90%
FC Metz 62
87%
Stade de Reims 36
87%
Montpellier HSC 39
86%
AJ Auxerre 32
83%
FC Sochaux-Montbéliard 66
81%
Nimes Olympique 36
67%
SC Bastia 35
67%
Valenciennes FC 33
47%
Aucun quiz correspondant
Distribution des résultats
% des personnes avec chaque résultat
Percentile par nombre de réponses
Votre historique - résultats
Vous n’avez pas pris ce quiz